000 00225nam a2200097Ia 4500
008 170619s9999 xx 000 0 und d
100 _aChen Chi-Tsong
245 0 _aSignals and Systems
260 _bOxford University
260 _c2010
546 _aENGLISH
999 _c20144
_d20144